A primer of ecology (Registro nro. 317669)
[ vista simple ]
| 000 -ENCABEZADO | |
|---|---|
| Número de control [NR] | 00796nam a2200229 c 4500 |
| 005 - FECHA Y HORA DE LA ÚLTIMA TRANSACCIÓN | |
| control field | 20200908073959.0 |
| 008 - DE LONGITUD FIJA DE DATOS DE ELEMENTOS - INFORMACIÓN GENERAL | |
| Elementos de longitud fija [NR] | 200908s nyua|||gr|||| 00| 0 eng d |
| 020 ## - NUMERO INTERNACIONAL NORMALIZADO PARA LIBROS [R] | |
| Número Internacional Normalizado del libro [NR] | 9780878933181 |
| 040 ## - FUENTE DE CATALOGACION [NR] | |
| Agencia de catalogación original [NR] | CO-BoUCM |
| Idioma de catalogación [NR] | spa |
| Quien Cataloga | Deissy Garcia |
| Quien Clasifica | Deissy Garcia |
| 041 0# - CODIGO DE IDIOMA [R] | |
| Código de idioma para texto/pista de sonido o título separado [R] | Inglés |
| 100 1# - ASIENTO PRINCIPAL--NOMBRE PERSONAL [NR] | |
| Nombre personal [NR] | Gotelli, Nicholas |
| ID Autoridad | 100889 |
| 245 12 - MENCION DE TITULO [NR] | |
| Título [NR] | A primer of ecology |
| Mención de responsabilidad, etc. [NR] | Nicholas J. Gotelli |
| 250 ## - MENCION DE EDICION [NR] | |
| Mención de edición [NR] | 4a.Ed. |
| 260 ## - PUBLICACION, DISTRIBUCION, ETC. (PIE DE IMPRENTA) [R] | |
| Nombre del editor, distribuidor, etc. [R] | Sinauer Associates |
| Lugar de publicación, distribución, etc. [R] | Nueva York |
| Fecha de publicación, distribución, etc. [R] | 2018 |
| 300 ## - DESCRIPCION FISICA [R] | |
| Extensión [R] | xx, 291 páginas |
| Otros detalles físicos [NR] | ilustraciones |
| 504 ## - NOTA DE BIBLIOGRAFIA, ETC. [R] | |
| Nota de bibliografía, etc. [NR] | Incluye referencias bibliográficas |
| 650 ## - ASIENTO SECUNDARIO DE MATERIA - TERMINO TEMATICO [R] | |
| Término temático o nombre geográfico como elemento de entrada [NR] | Ecología |
| Subdivisión general [R] | Modelos matemáticos |
| 9 (RLIN) | 100890 |
| 650 #7 - ASIENTO SECUNDARIO DE MATERIA - TERMINO TEMATICO [R] | |
| 9 (RLIN) | 10124 |
| Término temático o nombre geográfico como elemento de entrada [NR] | Biología de población |
| Subdivisión general [R] | Modelos matemáticos |
| 650 #7 - ASIENTO SECUNDARIO DE MATERIA - TERMINO TEMATICO [R] | |
| 9 (RLIN) | 13726 |
| Término temático o nombre geográfico como elemento de entrada [NR] | Ecosistemas |
| 942 ## - ELEMENTOS DE ENTRADA AGREGADOS (KOHA) | |
| Tipo de ítem principal el descrito en 300a | Libro |
| Título oculto en OPAC | No |
| Sistema de clasificación | DEWEY |
| Tema principal | Ciencias puras |
| Edición | 4 |
| Clasificación | 574.5248 |
| Parte restante de la signatura top. | G683p |
| Signatura topográfica | Código de barras | Última vez visto | Volúmen / Fascículo | Ejemplar | Costo de reposición | Price effective from | Tipo de ítem | Nota pública (OPAC) | Perdido | Sistema de clasificación | Dañado | No prestable | Tipo de ítem específico | Suprimido | Ubicación habitual | Ubicación actual | Localización | Fecha de creación | Proveedor | Forma de adquisición | Costo | Fecha de último préstamo | Total préstamos |
|---|---|---|---|---|---|---|---|---|---|---|---|---|---|---|---|---|---|---|---|---|---|---|---|
| 574.5248 G683p | 100166666 | 12/12/2025 | 4a.Ed. | Ej.1 | 143054.00 | 07/09/2020 | Libro | Spot Ciencias Naturales | DEWEY | Libro | Quinta de Mutis | Quinta de Mutis | 3er piso | 07/09/2020 | 156 | Compra | 143054.00 | ||||||
| 574.5248 G683p | 100166667 | 12/12/2025 | 4a.Ed. | Ej.2 | 143054.00 | 07/09/2020 | Libro | Spot Ciencias Naturales | DEWEY | Libro | Quinta de Mutis | Quinta de Mutis | 3er piso | 07/09/2020 | 156 | Compra | 143054.00 | 31/05/2023 | 1 |